Troubleshooting LAN manager 2 (Record no. 6469)

000 -LEADER
fixed length control field 00469 a2200169 4500
020 ## - INTERNATIONAL STANDARD BOOK NUMBER
International Standard Book Number 0139325751 (pbk.)
020 ## - INTERNATIONAL STANDARD BOOK NUMBER
International Standard Book Number 155851161X
035 ## - SYSTEM CONTROL NUMBER
System control number 5941806
040 ## - CATALOGING SOURCE
Original cataloging agency DLC
Language of cataloging DLC
100 10 - MAIN ENTRY--PERSONAL NAME
Personal name Day, Michael
245 10 - TITLE STATEMENT
Title Troubleshooting LAN manager 2
Statement of responsibility, etc. Michael Day.
260 ## - PUBLICATION, DISTRIBUTION, ETC.
Place of publication, distribution, etc. Redwood, City, CA
Name of publisher, distributor, etc. : M&T Books
Date of publication, distribution, etc. , c1991.
300 ## - PHYSICAL DESCRIPTION
Extent 337 p.
Other physical details : ill.
Dimensions ; 24 cm.
500 ## - GENERAL NOTE
General note Includes index.
740 01 - ADDED ENTRY--UNCONTROLLED RELATED/ANALYTICAL TITLE
Uncontrolled related/analytical title Troubleshooting LAN manager two.
942 ## - ADDED ENTRY ELEMENTS (KOHA)
Koha item type Book
Call number prefix 005.4469 DAY
Source of classification or shelving scheme
Holdings
Withdrawn status Lost status Damaged status Not for loan Collection code Permanent Location Current Location Shelving location Date acquired Source of acquisition Total Checkouts Full call number Barcode Date last seen Price effective from Koha item type
          Central Library (CL) Central Library (CL) First Floor - Operating System/ Data Structure 10/20/2005 Donation   005.4469 DAY SEECS006574 11/14/2012 01/05/2017 Book
© 2023 Central Library, National University of Sciences and Technology. All Rights Reserved.